SSN Players - Statistics

General Stats
  • This quiz has been taken 22 times
  • The average score is 6 of 16
Answers on the Grid
Answers color-coded by a green-red scale on the quiz's grid according to % correct below.
Ameliaranne Ekenasio
Amy Sligar
Beth Cobden
Courtney Bruce
Funmi Fadoju
Georgia Rowe
Georgie Horjus
Grace Nweke
Helen Housby
Jamie-Lee Price
Jane Watson
Jhaniele Fowler-Nembhard
Joyce Mvula
Kate Eddy
Khanyisa Chawane
Kiera Austin
Latanya Wilson
Liz Watson
Maddy Turner
Nat Metcalf
Olivia Tchine
Peta Toeava
Phoenix Karaka
Sam Wallace-Joseph
Samantha Winders
Shadine Van Der Merwe
Shamera Sterling-Humphrey
Sharni Lambden
Sigi Burger
Uneeq Palavi
 
Answer Stats
Answer % Correct
Latanya Wilson
63%
Georgie Horjus
50%
Grace Nweke
50%
Helen Housby
50%
Shamera Sterling-Humphrey
50%
Amy Sligar
38%
Courtney Bruce
38%
Jamie-Lee Price
38%
Kiera Austin
38%
Liz Watson
38%
Maddy Turner
38%
Sharni Lambden
38%
Jane Watson
25%
Jhaniele Fowler-Nembhard
25%
Kate Eddy
25%
Uneeq Palavi
13%
No matching quizzes found
Score Distribution
Percent of People with Each Score
Percentile by Number Answered
Your Score History
You have not taken this quiz